000 00563nam a22001937a 4500
005 20220721124654.0
008 220721b ||||| |||| 00| 0 eng d
020 _a8185304475
040 _cAL
041 _aEnglish
082 _223
_a363.96054
_bGOWS
100 _aVasant Gowariker
_952254
245 _aScience population and development
260 _aPune
_bUnmesh Communications
_c1992
300 _a452 p.
_bPB
_c23x15 cm.
650 _aScience Population development and health care
_952255
700 _aGOWARIKER (Vasant) ed
_952256
942 _2ddc
_cGF
999 _c224068
_d224068